| 000 | 00814nam a22001937a 4500 | ||
|---|---|---|---|
| 003 | BR-ViAPE | ||
| 005 | 20260602121946.0 | ||
| 008 | 260602s1873 por gslllls000 0 por d | ||
| 040 | _cBR-ViAPE | ||
| 110 |
_aEspírito Santo _bProvíncia |
||
| 245 | _aCódigo de posturas da câmara municipal da Villa de Benevente | ||
| 260 |
_a[s.l.] _b[s.n.] _c1873 |
||
| 300 |
_a10 p. _bDocumento digitalizado (PDF) |
||
| 500 | _aDocumento digitalizado do acervo institucional do Arquivo Público do Estado do Espírito Santo - APEES. | ||
| 650 |
_aLegislação _zAnchieta (ES) |
||
| 651 | _aEspírito Santo (Brasil) | ||
| 856 |
_uhttps://ape.es.gov.br/Media/ape/PDF/Livros/Livros_Historicos/Obras_raras/seculo_XIX/APEES_OR_cod_postu_villa_benevente_1873.pdf _yCLIQUE AQUI PARA ACESSAR O DOCUMENTO |
||
| 942 |
_2ddc _cOBRAS_RARA _n1 |
||
| 999 |
_c752 _d752 |
||